| 000 | 00526nam a22001577a 4500 | ||
|---|---|---|---|
| 003 | NUST | ||
| 082 | _a200 | ||
| 100 | _aBasit, Abdul | ||
| 245 |
_aIdentification and Mitigation of Denial of Service Attacks on Electric Vehicle Charging Stations/ _cAbdul Basit, |
||
| 264 |
_aIslamabad : _bSEECS, NUST, _c2023. |
||
| 300 |
_a46 p. ; _c30 cm. |
||
| 650 |
_aMS-Computer Science _926780 |
||
| 700 |
_aSupervisor: Dr Asad Waqar Malik _996681 |
||
| 856 | _uhttp://10.250.8.41:8080/xmlui/handle/123456789/32442 | ||
| 942 |
_2ddc _cSC |
||
| 999 |
_c593497 _d593497 |
||